The geometry of biological time
Saved in:
| Hovedforfatter: | |
|---|---|
| Format: | Bog |
| Sprog: | engelsk |
| Udgivet: |
Nueva York
Springer
1980
|
| Fag: | |
| Tags: |
Tilføj Tag
Ingen Tags, Vær først til at tagge denne postø!
|
MARC
| LEADER | 00000cam a2200000 a 4500 | ||
|---|---|---|---|
| 001 | UCF4165 | ||
| 003 | CL-VaPUC | ||
| 008 | 121122e19800000US |||||||||||||||||eng|d | ||
| 020 | |a 0387093737 | ||
| 082 | 0 | 4 | |a 570.15195 |b WIN |2 21 |
| 100 | 0 | |a Winfree, Arthur T |e author |9 565766 | |
| 245 | 1 | 4 | |a The geometry of biological time |
| 300 | |a 530 p | ||
| 942 | |c BK | ||
| 945 | |d 20121122 00:00:00 |a dcastane | ||
| 260 | |a Nueva York |b Springer |c 1980 | ||
| 650 | 7 | |a BIOMATEMATICAS |2 CL-VaPUC |9 260148 | |
| 650 | 7 | |a POBLACION BIOLOGICA |2 CL-VaPUC |9 379901 | |
| 650 | 0 | |a Evolución |9 259442 | |
| 583 | |a last modification |c 20121122 14:17:00 |k Rodrigo Vera | ||
| 999 | |c 350094 |d 350092 | ||
| 952 | |0 0 |1 0 |4 0 |6 570_151950000000000_WIN_1980 |7 0 |8 A |9 453126 |a BIBMAT |b BIBMAT |d 2019-11-22 |i 4918088 |o 570.15195 WIN 1980 |p 4918088 |r 2025-01-07 |w 2019-11-22 |y BK |k MAT | ||